Компьютерное моделирование напряженно-деформированного состояния подводного перехода на реке Панинский Еган МН "Александровское-Анжеро-Судженск"; Горный информационно-аналитический бюллетень; S 3

Bibliografiske detaljer
Parent link:Горный информационно-аналитический бюллетень: научно-технический журнал.— , 1992-
S 3.— 2011.— [С. 363-368]
Hovedforfatter: Балахонцев М, В. Максим Валерьевич
Andre forfattere: Бурков П. В. Пётр Владимирович, Буркова С. П. Светлана Петровна
Summary:Заглавие с экрана
Целью работы является изучение поведения и исследование напряженно-деформированного состояния подводного перехода реки Панинский Еган. Под действием сил разносторонних сил, действующих вертикально снизу вверх и сверху вниз, трубопровод меняет свое геометрическое положение. Результаты исследований показали, что в трубопроводе возникают напряжения, которые переменны по длине трубы. Участки трубопровода, находящиеся по середине подводного перехода, характеризуются повышенным уровнем напряжения.
Режим доступа: по договору с организацией-держателем ресурса
Sprog:russisk
Udgivet: 2011
Fag:
Online adgang:http://elibrary.ru/item.asp?id=21559851
Format: MixedMaterials Electronisk Book Chapter
KOHA link:https://koha.lib.tpu.ru/cgi-bin/koha/opac-detail.pl?biblionumber=644905

MARC

LEADER 00000nla0a2200000 4500
001 644905
005 20250318150049.0
035 |a (RuTPU)RU\TPU\network\9989 
090 |a 644905 
100 |a 20151203d2011 k||y0rusy50 ca 
101 0 |a rus 
102 |a RU 
135 |a drnn ---uucaa 
181 0 |a i  
182 0 |a b 
200 1 |a Компьютерное моделирование напряженно-деформированного состояния подводного перехода на реке Панинский Еган МН "Александровское-Анжеро-Судженск"  |f М, В. Балахонцев, П. В. Бурков, С. П. Буркова 
203 |a Текст  |c электронный 
300 |a Заглавие с экрана 
320 |a [Библиогр.: с. 368 (4 назв.)] 
330 |a Целью работы является изучение поведения и исследование напряженно-деформированного состояния подводного перехода реки Панинский Еган. Под действием сил разносторонних сил, действующих вертикально снизу вверх и сверху вниз, трубопровод меняет свое геометрическое положение. Результаты исследований показали, что в трубопроводе возникают напряжения, которые переменны по длине трубы. Участки трубопровода, находящиеся по середине подводного перехода, характеризуются повышенным уровнем напряжения. 
333 |a Режим доступа: по договору с организацией-держателем ресурса 
337 |a Adobe Reader 
461 |t Горный информационно-аналитический бюллетень  |o научно-технический журнал  |d 1992- 
463 |t S 3  |v [С. 363-368]  |d 2011 
610 1 |a электронный ресурс 
610 1 |a труды учёных ТПУ 
610 1 |a напряженно-деформированное состояние 
610 1 |a нефтепроводы 
610 1 |a подводные переходы 
610 1 |a напряжения 
700 1 |a Балахонцев  |b М, В.  |g Максим Валерьевич 
701 1 |a Бурков  |b П. В.  |c инженер-механик  |c профессор Томского политехнического университета и Юргинского технологического института (филиала) Томского политехнического университета, доктор технических наук  |f 1957-  |g Пётр Владимирович  |3 (RuTPU)RU\TPU\pers\24291  |9 10756 
701 1 |a Буркова  |b С. П.  |c специалист в области инженерной графики и начертательной геометрии  |c доцент Томского политехнического университета, кандидат технических наук  |f 1960-  |g Светлана Петровна  |3 (RuTPU)RU\TPU\pers\27880  |9 12896 
801 2 |a RU  |b 63413507  |c 20151203  |g RCR 
856 4 |u http://elibrary.ru/item.asp?id=21559851 
942 |c CF